Seerat Hazrat Ali Al Murtaza R.A. (Record no. 610910)

000 -LEADER
fixed length control field 00330nam a22001217a 4500
040 ## - CATALOGING SOURCE
Transcribing agency Nust
082 ## - DEWEY DECIMAL CLASSIFICATION NUMBER
Classification number 297.64
Author Mark ADI
100 ## - MAIN ENTRY--PERSONAL NAME
Personal name Ilyas Adil, Muhammad
9 (RLIN) 125140
245 ## - TITLE STATEMENT
Title Seerat Hazrat Ali Al Murtaza R.A.
260 ## - PUBLICATION, DISTRIBUTION, ETC.
Place of publication, distribution, etc. Lahore;
Name of publisher, distributor, etc. MUSHTAQ BOOK CORNER,
Date of publication, distribution, etc. 2003.
650 ## - SUBJECT ADDED ENTRY--TOPICAL TERM
Source of heading or term Seerat Hazrat Ali Al Murtaza R.A.
942 ## - ADDED ENTRY ELEMENTS (KOHA)
Source of classification or shelving scheme
Koha item type Book
Holdings
Withdrawn status Lost status Source of classification or shelving scheme Damaged status Not for loan Permanent Location Current Location Shelving location Date acquired Total Checkouts Full call number Barcode Date last seen Price effective from Koha item type
          College of Electrical & Mechanical Engineering (CEME) College of Electrical & Mechanical Engineering (CEME) General Stacks 08/15/2024   297.64 ADA CEME- 39893 08/15/2024 08/15/2024 Book
© 2023 Central Library, National University of Sciences and Technology. All Rights Reserved.